Nové technologie výroby pražců v ČR

Bibliographic Details
Main Author: Dočkal, Karel (Author)
Format: Article
Language:Czech
PhysicalDescription:res. angl., nem., lit. 4 zázn. v češ.
ISBN:8071001597
Subjects:

MARC

LEADER 00000nab a2200000 a 4500
001 vtls000645468
003 SK-MaSNL
005 20260302184206.0
008 160324c1993 xo 0 cze
015 |a SNBRA19rr/mm-uuuuu 
035 |a CL0645607 
040 |a SNKBUCL  |b slo  |c SNKBUCL  |e AACR2 
041 0 |a cze 
044 |a xo  |c SK 
080 |a 625.142.4:666.97.02  |2 1981 
080 |a 666.97.02  |2 1981 
100 1 |a Dočkal, Karel  |4 aut  |9 11007 
245 1 0 |a Nové technologie výroby pražců v ČR  |c Karel Dočkal 
300 |b res. angl., nem., lit. 4 zázn. v češ. 
650 0 7 |a podvaly železničné betónové  |2 snkbucl  |9 898911 
655 7 |a články zo zborníkov  |2 snkbucl  |9 166140 
773 0 |z 8071001597  |t Deviata medzinárodná vedecká konferencia  |d Žilina : Vysoká škola dopravy a spojov, 1993  |g S. 241-244 
850 |a Slovenská národná knižnica v Martine  |a MTA001 
852 |a SNK  |b KIS3GCP 
958 |a CZ 
958 |a NX 
958 |a RK 
958 |a RZB 
999 |c 1424544  |d 1426474